Bilbao, "de villa mercantil a metrópoli cultural" / (Registro nro. 66606)

Detalles MARC
000 -LEADER
campo de control de longitud fija 00983nam a2200253 i 4500
001 - NÚMERO DE CONTROL
campo de control 66606
003 - IDENTIFICADOR DE NÚMERO DE CONTROL
campo de control ES-MaACL
005 - FECHA Y HORA DE LA ÚLTIMA TRANSACCIÓN
campo de control 20250902085359.0
007 - CAMPO FIJO DE DESCRIPCIÓN FÍSICA--INFORMACIÓN GENERAL
campo de control de longitud fija t|
008 - DATOS DE LONGITUD FIJA--INFORMACIÓN GENERAL
campo de control de longitud fija 020408s2001 sp ||||0| spa d
020 ## - NÚMERO INTERNACIONAL ESTÁNDAR DEL LIBRO
Número Internacional Estándar del Libro 84-89318-01-8
040 ## - FUENTE DE CATALOGACIÓN
Centro catalogador/agencia de origen M-BN
Lengua de catalogación spa
Centro/agencia transcriptor M-BN
080 ## - NÚMERO DE LA CLASIFICACIÓN DECIMAL UNIVERSAL
Número de la Clasificación Decimal Universal 94(460.152 B.)
100 1# - ENTRADA PRINCIPAL--NOMBRE DE PERSONA
Nombre de persona Cava, María Jesús.
9 (RLIN) 37133
245 10 - MENCIÓN DEL TÍTULO
Título Bilbao, "de villa mercantil a metrópoli cultural" /
Mención de responsabilidad, etc. María Jesús Cava Mesa, Begoña Cava Mesa.
260 ## - PUBLICACIÓN, DISTRIBUCIÓN, ETC.
Lugar de publicación, distribución, etc. Madrid :
Nombre del editor, distribuidor, etc. Delegación en Corte, Departamento de Publicaciones, Real Sociedad Bascongada de los Amigos del País,
Fecha de publicación, distribución, etc. 2001.
300 ## - DESCRIPCIÓN FÍSICA
Extensión 60 p. :
Otras características físicas il. ;
Dimensiones 21 cm.
500 ## - NOTA GENERAL
Nota general Precede al tít.: Real Sociedad Bascongada de los Amigos del País = Euskalerriraren Adiskideen Elkarteak.
651 #4 - PUNTO DE ACCESO ADICIONAL DE MATERIA--NOMBRE GEOGRÁFICO
Nombre geográfico Bilbao-
Subdivisión general Historia.
9 (RLIN) 7881
700 1# - ENTRADA AGREGADA--NOMBRE PERSONAL
Nombre de persona Cava, Begoña.
9 (RLIN) 37131
710 2# - ENTRADA AGREGADA--NOMBRE DE ENTIDAD CORPORATIVA
Nombre de entidad corporativa o nombre de jurisdicción como elemento de entrada Real Sociedad Bascongada de los Amigos del País
9 (RLIN) 6366
852 ## - LOCALIZACIÓN
Ubicación ES-MaACL
Número de control de estantería L-27105
Sublocalización o colección R.132618
Existencias
Estatus retirado Estado de pérdida Estado de daño No para préstamo Biblioteca de origen Biblioteca actual Ubicación en estantería Fecha de adquisición Fuente de adquisición Total de préstamos Signatura topográfica completa Código de barras Visto por última vez Precio de reemplazo Tipo de ítem Koha
        Biblioteca del Ateneo de Madrid Biblioteca del Ateneo de Madrid Depósito 2 17/01/2008     L-27105 1069768 23/02/2023 23/02/2023 Libro impreso